| 000 -LEADER |
| fixed length control field |
01199nam a22002177a 4500 |
| 008 - FIXED-LENGTH DATA ELEMENTS--GENERAL INFORMATION |
| fixed length control field |
250527b xxu||||| |||| 00| 0 eng d |
| 082 ## - DEWEY DECIMAL CLASSIFICATION NUMBER |
| Classification number |
791.4372 |
| Item number |
F849 |
| 245 ## - TITLE STATEMENT |
| Title |
Freaky 2020 / directed by Christopher Landon ; produced by Jason Blum, Adam Hendricks ; written by Michael Kennedy, Christopher Landon. |
| 260 ## - PUBLICATION, DISTRIBUTION, ETC. (IMPRINT) |
| Place of publication, distribution, etc |
United States ; |
| Name of publisher, distributor, etc |
Universal Pictures, |
| Date of publication, distribution, etc |
2020. |
| 300 ## - PHYSICAL DESCRIPTION |
| Extent |
1 videofile, (ca. 102 mins,) |
| 520 ## - SUMMARY, ETC. |
| Summary, etc |
Seventeen-year-old Millie Kessler spends her days trying to survive high school and the cruel actions of the popular crowd. But when she becomes the latest target of the Butcher, the town's infamous serial killer, her senior year becomes the least of her worries. When the Butcher's mystical dagger causes him and Millie to magically switch bodies, the frightened teen learns she has just 24 hours to get her identity back before she looks like a middle-aged maniac forever. |
| 521 ## - TARGET AUDIENCE NOTE |
| Target audience note |
In English subtitle. |
| 650 ## - SUBJECT ADDED ENTRY--TOPICAL TERM |
| Topical term or geographic name as entry element |
Comedy. |
| 650 ## - SUBJECT ADDED ENTRY--TOPICAL TERM |
| Topical term or geographic name as entry element |
Horror. |
| 650 ## - SUBJECT ADDED ENTRY--TOPICAL TERM |
| Topical term or geographic name as entry element |
Thriller. |
| 700 ## - ADDED ENTRY--PERSONAL NAME |
| Personal name |
Landon, Christopher, director & writer. |
| 700 ## - ADDED ENTRY--PERSONAL NAME |
| Personal name |
Vaughn, Vince, star. |
| 700 ## - ADDED ENTRY--PERSONAL NAME |
| Personal name |
Newton, Kathryn, star. |
| 700 ## - ADDED ENTRY--PERSONAL NAME |
| Personal name |
O' Connor, Celeste, star. |
| 942 ## - ADDED ENTRY ELEMENTS (KOHA) |
| Source of classification or shelving scheme |
|
| Item type |
Audio-Visual Materials |